Beatrix potter : Artist & illustrator

Bibliographic Details
Format: Book
Published: London : Dulwich Picture Gallery / Frederick Warne , 2005
Subjects:

MARC

LEADER 00000cam a2200000 7i4500
001 0000016905
005 20080502.0
008 020508
020 |a 0723257000 
090 0 0 |a 700   |b POT 
245 1 0 |a Beatrix potter :   |b Artist & illustrator 
260 |a London :   |b Dulwich Picture Gallery / Frederick Warne ,   |c 2005 
650 0 |a Artist   |x Decorative arts 
650 0 |a Arts   |x Juvenile literature 
650 0 |a Arts   |x Techniques 
650 0 |a Arts   |x Theory & philosophy 
650 0 |a Illustraror   |x Decorative arts 
999 |a 0001013943   |b Book   |c REFERENCE   |e Perbadanan Perpustakaan Awam Johor